000 00526nam a2200181Ia 4500
008 090123s9999 xx 000 0 und d
082 _b16901
_a891.463/कानिट
100 _aकानिटकर माधव
245 _aमहाभारत
250 _a1
260 _bअक्षर छाया
300 _a110
600 _aकानिटकर माधव
630 _aमहाभारत
700 _aकानिटकर माधव
730 _aमहाभारत
942 _cBOOK
999 _c54961
_d54961